| 000 | 00705nam a22002417a 4500 | ||
|---|---|---|---|
| 999 |
_c21423 _d21423 |
||
| 001 | 12985820 | ||
| 003 | OSt | ||
| 005 | 20210617100301.0 | ||
| 008 | 170127b xxu||||| |||| 00| 0 eng d | ||
| 010 | _a 2002038321 | ||
| 020 | _a0205376010 | ||
| 040 |
_aMMU _cMMU _dMMU _beng |
||
| 050 | 0 | 0 |
_aHF5548.4.M525 _bY63 2004 |
| 100 | 1 | _aYoder, Sharon. | |
| 245 | 1 | 0 |
_aMaking the most of Microsoft Office / _cSharon Yoder, Irene Smith. |
| 260 |
_aBoston : _bPearson/Allyn and Bacon, _cc2004. |
||
| 300 |
_axix, 252 p. : _bill. ; _c28 cm. |
||
| 500 | _aIncludes index. | ||
| 630 | 0 | 0 | _aMicrosoft Office. |
| 650 | 0 |
_aBusiness _xComputer programs. |
|
| 700 | 1 | _aSmith, Irene Elizabeth. | |
| 942 |
_2lcc _cLOAN LOAN |
||